000 00313nam a2200121 i 4500
001 bg
245 0 _aPrace badawcze i tendencje rozwojowe w dziedzinie napędu i trakcji elektrycznej.
260 _aWarszawa,
_c1981.
040 _cBPK
041 _apol
942 _cKS
008 s pl f |000 0 pol
999 _c19926
_d19926
856 _uhttp://koha.tu.koszalin.pl/cgi-bin/koha/opac-detail.pl?biblionumber=19926
_yKatalog online BPK